Matrices of sign-solvable linear systems (Record no. 275243)

MARC details
000 -LEADER
fixed length control field 00678nam a2200217Ia 4500
008 - FIXED-LENGTH DATA ELEMENTS--GENERAL INFORMATION
fixed length control field 191130s1995##################000#0#eng##
020 ## - INTERNATIONAL STANDARD BOOK NUMBER
ISBN 9780521482967
082 ## - DEWEY DECIMAL CLASSIFICATION NUMBER
Classification number 512.9434 BRU
100 ## - MAIN ENTRY--AUTHOR NAME
Personal name Brualdi, Richard A
245 ## - TITLE STATEMENT
Title Matrices of sign-solvable linear systems
Statement of responsibility, etc Richard A. Brualdi, Bryan L. Shader
260 ## - PUBLICATION, DISTRIBUTION, ETC. (IMPRINT)
Place of publication Cambridge
Name of publisher Cambridge University Press
Year of publication 1995
300 ## - PHYSICAL DESCRIPTION
Number of Pages xii, 298 p. : ill. ; 24 cm
500 ## - GENERAL NOTE
General note Includes bibliographical references (p. 289-293) and index
650 ## - SUBJECT ADDED ENTRY--TOPICAL TERM
Topical Term Matrices
700 ## - ADDED ENTRY--PERSONAL NAME
Personal name Shader, Bryan L
991 ## -
-- 178657
Holdings
Withdrawn status Lost status Damaged status Not for loan Home library Current library Shelving location Date acquired Full call number Accession Number Price effective from Koha item type
        Anna Centenary Library Anna Centenary Library 5TH FLOOR, A WING 15.10.2020 512.9434 BRU 196593 15.10.2020 English Books

Find us on the map